La reforma universitaria en Francia.

Sparad:
Bibliografiska uppgifter
Huvudupphov: Olmedo, Raúl (autor)
Materialtyp: Bok
Språk:spanska
Serie:(Deslinde ; no. 9)
Ämnen:
Taggar: Lägg till en tagg
Inga taggar, Lägg till första taggen!

MARC

LEADER 00000cam^a2200000uu^4500
001 000486427
005 20250521000000.0
008 031809s1972^^^^^^^^^^^^rd^r^^000^0^spa^d
009 20260310125222.468
035 |a FCE 000029582 
035 |a FCE 030569 
037 |a Acervo ITESO - Biblioteca 
041 |a spa 
082 0 4 |a 378.008  |b DES 9/72 
100 |a Olmedo, Raúl  |e (autor) 
245 1 3 |a La reforma universitaria en Francia. 
264 |a México :  |b UNAM, CESU,  |c 1972. 
300 |a 12 p. 
336 |a texto  |b txt  |2 rdacontenido 
337 |a sin mediación  |b n  |2 rdamedio 
338 |a volumen  |b nc  |2 rdasoporte 
440 0 |a (Deslinde ;  |v no. 9) 
649 |a XX 
650 |a Reforma de la educación 
650 |a Universidad 
650 |a Papel del gobierno 
650 |a Francia 
910 |a Fondo Centro de Estudios Educativos 
920 |a Impresos - Libros 
930 |a Fondos Especiales 
905 |a 133 
901 |a ALE030569  |b IT2  |c CEE  |u 20250521 
901 |a ALE040673  |b IT2  |c CEE  |u 20250521 
901 |a ALE040674  |b IT2  |c CEE  |u 20250521 
902 |a https://opac.biblio.iteso.mx/vufind/Record/000486427